LEADER 01009nam a2200253 i 4500 001 991000268459707536 008 040129s it 000 0 ita d 020 $a2913322411 035 $ab12592481-39ule_inst 040 $aDip.to Studi Giuridici$bita 084 $aR-XV/B 58 100 1 $aMelluso, Marco $0254768 245 13$aLa schiavitu nell'eta giustinianea :$bdisciplina giuridica e rilevanza sociale /$cM. Mellus 260 $aParis :$bPresses universitaires Franc-Comtoises,$c2000 300 $a339 p. ;$c22 cm 440 0$aEsclavage et dependance 500 $aIn testa al front.: Institut des sciences et techniques de l'Antiquite 650 4$aSchiavitu$xStoria$xAntichita 907 $a.b12592481$b21-09-06$c29-01-04 912 $a991000268459707536 945 $aLE027 R-XV/B 58$g1$iLE027-12721$lle027$o-$pE39.64$q-$rl$s- $t0$u0$v0$w0$x0$y.i13066985$z29-01-04 996 $aSchiavitu nell'eta giustinianea$9277943 997 $aUNISALENTO 998 $ale027$b29-01-04$cm$da $e-$fita$git $h3$i0 LEADER 01211nam a22002771i 4500 001 991000765019707536 005 20040130101636.0 008 040220s1974 it |||||||||||||||||ita 035 $ab12667109-39ule_inst 035 $aARCHE-066544$9ExL 040 $aDip.to Scienze pedagogiche$bita$cA.t.i. Arché s.c.r.l. Pandora Sicilia s.r.l. 082 04$a301.431 082 04$a305.235 100 1 $aBenedetti, Pierpaolo$0123184 245 12$aI giovani e la politica :$bcomportamento politico-elettorale, associazionismo tradizionale, movimenti collettivi non tradizionali /$ca cura di Pierpaolo Benedetti 260 $aMilano :$bF. Angeli,$c[1974] 300 $a148 p. ;$c23 cm 440 0$aISVET. Istituto per gli studi sullo sviluppo economico e il progresso tecnico 650 4$aGiovani$xAttività politica$zItalia$y1953-1972 650 4$aPolitica$xMovimenti collettivi$zItalia$y1953-1972 907 $a.b12667109$b02-04-14$c17-03-04 912 $a991000765019707536 945 $aLE022 MPs-S 118 C 17$g1$i2022000175340$lle022$o-$pE0.00$q-$rl$s- $t0$u0$v0$w0$x0$y.i13175221$z17-03-04 996 $aGiovani e la politica$9272714 997 $aUNISALENTO 998 $ale022$b17-03-04$cm$da $e-$fita$git $h2$i1 LEADER 01707nam 2200565 450 001 9910825744503321 005 20230801231325.0 010 $a0-85719-188-8 035 $a(UkCvUL)(CKB)2670000000418980 035 $a(UkCvUL)(OCoLC)861526711 035 $a(UkCvUL)(CaPaEBR)ebrary10754293 035 $a(UkCvUL)(SSID)ssj0001168912 035 $a(UkCvUL)(PQKBManifestationID)11625942 035 $a(UkCvUL)(PQKBTitleCode)TC0001168912 035 $a(UkCvUL)(PQKBWorkID)11165160 035 $a(UkCvUL)(PQKB)11780546 035 $a(UkCvUL)(MiAaPQ)EBC3299623 035 $a(UkCvUL)992670000000418980 035 $a(MiAaPQ)EBC3299623 035 $a(Au-PeEL)EBL3299623 035 $a(CaPaEBR)ebr10754293 035 $a(OCoLC)908649556 035 $a(EXLCZ)992670000000418980 100 $a20130917d2012 uy| 0 101 0 $aeng 135 $aurcnu|||||||| 181 $ctxt 182 $cc 183 $acr 200 10$aStyle /$fF.L. Lucas 205 $a[Third edition]. 210 1$aPetersfield, Hampshire, Great Britain :$cHh,$d2012. 215 $a1 online resource (281 p.) 300 $aBibliographic Level Mode of Issuance: Monograph 311 $a0-85719-187-X 320 $aIncludes bibliographical references and index. 517 1 $aStyle :$ethe art of writing well 606 $aAuthorship 606 $aEnglish language$xRhetoric 615 0$aAuthorship. 615 0$aEnglish language$xRhetoric. 676 $a808.02 700 $aLucas$b F. L$g(Frank Laurence),$f1894-1967.$0168553 801 0$bMiAaPQ 801 1$bMiAaPQ 801 2$bMiAaPQ 906 $aBOOK 912 $a9910825744503321 996 $aStyle$94099021 997 $aUNINA